banner-ar

RELIGIOUS PERSPECTIVES ON WAR : (Record no. 9947)

MARC details
000 -الفاتح
حقل البيانات ثابتة الطول 00732nam a2200205Ia 4500
008 - عناصر البيانات ثابتة الطول - معلومات عامة
حقل البيانات ثابتة الطول 140319s9999 xx 000 0 eng d
020 ## - الرقم الدولى المعيارى للكتب
الرقم الدولى المعيارى للكتاب 1878379208
040 ## - مصدر الفهرسة
وكالة الفهرسة الأصلية GCL /
وكالة النسخ GCL
082 04 - رقم تصنيف ديوى العشرى
رقم التصنيف 291.56242
رقم المادة S R
100 1# - المدخل الرئيسى - إسم شخصى
الإسم الشخصى SMOCK, DAVID R
245 10 - بيان العنوان
العنوان RELIGIOUS PERSPECTIVES ON WAR :
بقية العنوان CHRISTIAN, MUSLIM AND JEWISH ATTITUDES TOWARD FORCE AFTER THE GULF WAR /
بيان المسئوليه,etc SMOCK, DAVID R
260 ## - PUBLICATION, DISTRIBUTION, ETC. (IMPRINT)
تاريخ النشر أو التوزيع 1992
300 ## - الوصف المادى
التعداد 24 CM ؛
أبعاد الوعاء 63 P
490 ## - بيان السلسلة
عنوان السلسلة PERSPECTIVES SERIES
رقم المجلد/ التعيين التسلسلي 0
650 04 - المدخل الاضافى بالموضوع-مصطلح موضوعى
مصطلح موضوعي WAR - RELIGIOUS ASPECTS - CONGRESSES
650 04 - المدخل الاضافى بالموضوع-مصطلح موضوعى
مصطلح موضوعي JUST WAR DOCTRINE - CONGRESSES
650 04 - المدخل الاضافى بالموضوع-مصطلح موضوعى
مصطلح موضوعي PERSIAN GULF WAR, 1991 - MORAL AND ETHICAL ASPECTS - CONGRESSES
942 ## - عناصر المدخل الإضافي( كوها)
مصدر التصنيف او مخطط الترفيف Dewey Decimal Classification
Koha [default] item type كتاب
260 ## - PUBLICATION, DISTRIBUTION, ETC. (IMPRINT)
-- نيويورك :
-- UNITED STATES INSTITUTE OF PEACE ،
Holdings
حالة التراجع حالة الفقد حالة تلف ليس للاعارة المكان المؤقت الموقع الحالى تاريخ الاكتساب اجمالي اﻻعارات رقم الطلب الباركود تاريخ اخر مشاهدة تاريخ تفعيل السعر نوع وعاء كوها
        مكتبة القاهرة الكبرى مكتبة القاهرة الكبرى 03/26/2014   291.56242\S R 20461 03/26/2014 03/26/2014 كتاب
        مكتبة القاهرة الكبرى مكتبة القاهرة الكبرى 03/26/2014   291.56242\S R 20462 03/26/2014 03/26/2014 كتاب
        مكتبة القاهرة الكبرى مكتبة القاهرة الكبرى 03/26/2014   291.56242\S R 20463 03/26/2014 03/26/2014 كتاب

Powered By

EGPV